1050 1994 1414 1077 1163 1888 1881 1483 1233 1125 1882 1596 1770 1748 1859 1981 1130 1763 1700 1816 1028 1252 1140 1875 1330 1713 1064 1043 1192 1466 1029 1960 1421 1704 1564 1985 1222 1503 1972 1736 1378 1514 1758 1276 1349 1000 1189 1537 1683 1730 1760 1840 1952 1344 1720 1225 1529 1540 1297 1235 1559 1023 1195 1358 1802 1126 1803 1543 1308 1677 1967 1126 1641 1781 1483 1584 1252 1791 1167 1326 1236 1530 1418 1793 1960 1755 1371 1421 1548 1951 1218 1073 1141 1919 1012 1277 1697 1288 1881 BCNSPRNW ULIB Ver.6.0+V

เปลี่ยนเป็นภาษาไทย

Change to English
 แสดงรายละเอียดบรรณานุกรม
  กลับหน้าหลัก

Brief Record : Get Marc (ISO 2709) : E-mail record : QR code < ปิดหน้าต่าง
LEADER : 00000nam 2200000uu 4500
001    13399129118
003     ULIB
008    020711s2025 th a 000 0 eng d
020    ^a9781975223816
060    ^aWY20.5^bJ33P
100    ^aJane Flanagan and Chery Tatano Back
245    ^aPolit & Beck s Nursing Research : Generating and Assessing Evidence for Nursing Practice
250    ^a12nd ed
260    ^aPhiladelphia :^bWolters Kluwer,^c2025
300    810 pages;^c26 cm
650    ^aNursing Research
945    ^p3978^l0^i011877
999    ^aประนอม เกษจรัล
รายการนี้ยังไม่มีแท็ก
คุณยังไม่ได้ล็อกอิน คุณสามารถมีกิจกรรมร่วมกับเว็บไซต์ได้ แต่ต้องล็อกอินก่อน ::
  ล็อกอิน

รายการสื่อสารสนเทศ

ลำดับที่ ประเภท เลขเรียก/บาร์โค้ด สถานที่ สถานะ
1. Book การพยาบาล
หนังสือสำรอง
สถานะ=หนังสือสำรอง
WY20.5 J33P ฉ.1 
  Barcode: 011877
ห้องสมุดวิทยาเขตสวรรค์ประชารักษ์
►หนังสือทั่วไป
บนชั้น

รายการใกล้เคียง
    หัวเรื่อง [Nursing Research]

BibComment


ยังไม่เคยถูกคอมเมนท์

คอมเมนท์ทรัพยากรรายการนี้
  คอมเมนท์: Polit Beck s Nu..


 Copyright 2026. Bcnsprnw @Library